000 007050000a22002050004500
041 0 _aENG
082 0 4 _aG 101 D951s
100 1 _aDurant, Will (1885-)
245 1 0 _aThe story of philosophy : the lives and opinions of the great philosophers of the western world / Will Durant
260 _aNew York, USA : Simon and Schuster
300 _a412 páginas
501 _aPasta dura
505 0 0 _aLa historia de la filosofía -- Discusión de los pensamientos de filósofos famosos de la antigüedad hasta el siglo XX
650 1 4 _aFILOSOFIA - HISTORIA
001 588
942 _cBK
999 _c32098
_d32098
336 _atexto
_btxt
_2rdacontent
337 _2rdamedia
_asin mediación
_bn
338 _2rdacarrier
_avolumen
_bnc